Casamientos parisienses / (Record no. 184887)

MARC details
000 -LEADER
campo de control de longitud fija 00755nam a2200205 i 4500
001 - NÚMERO DE CONTROL
campo de control 184887
003 - IDENTIFICADOR DE NÚMERO DE CONTROL
campo de control ES-MaACL
005 - FECHA Y HORA DE LA ÚLTIMA TRANSACCIÓN
campo de control 20230906222311.0
008 - DATOS DE LONGITUD FIJA--INFORMACIÓN GENERAL
campo de control de longitud fija 160216s1920 sp |||| | spa d
100 1# - ENTRADA PRINCIPAL--NOMBRE DE PERSONA
Nombre de persona About, Edmond,
Fechas asociadas al nombre 1828-1885
9 (RLIN) 18117
245 10 - MENCIÓN DEL TÍTULO
Título Casamientos parisienses /
Mención de responsabilidad, etc. Edmundo About ; la traducción del francés ha sido hecha por Pablo Perales.
260 ## - PUBLICACIÓN, DISTRIBUCIÓN, ETC.
Lugar de publicación, distribución, etc. Madrid :
Nombre del editor, distribuidor, etc. Calpe,
Fecha de publicación, distribución, etc. 1920.
300 ## - DESCRIPCIÓN FÍSICA
Extensión 100 p. ;
Dimensiones 15 cm.
490 1# - MENCIÓN DE SERIE
Mención de serie Colección universal
505 8# - NOTA DE CONTENIDO CON FORMATO
Nota de contenido con formato Contiene: Tomo I: Los mellizos del hotel de Corneille -- Tío y sobrino
700 0# - ENTRADA AGREGADA--NOMBRE PERSONAL
Nombre de persona Perales, Pablo.
9 (RLIN) 90360
830 0# - PUNTO DE ACCESO ADICIONAL DE SERIE-TÍTULO UNIFORME
Título uniforme Colección universal
9 (RLIN) 181688
852 ## - LOCALIZACIÓN
Ubicación ES-MaACL
Número de control de estantería D-2308(1)
Nota libre .- Enc. con otros títulos de la Colección Universal
Holdings
Estatus retirado Estado de pérdida Estado de daño No para préstamo Biblioteca de origen Biblioteca actual Ubicación en estantería Fecha de adquisición Fuente de adquisición Total de préstamos Signatura topográfica completa Código de barras Visto por última vez Precio de reemplazo Tipo de ítem Koha
        Biblioteca del Ateneo de Madrid Biblioteca del Ateneo de Madrid Sala Valle Inclán 16/02/2016     D-2308(1) 901194727 23/02/2023 23/02/2023 Libro impreso